| 000 | 00580nam a2200121Ia 4500 | ||
|---|---|---|---|
| 008 | 220615s9999||||xx |||||||||||||| ||und|| | ||
| 100 | _aKati Kulovesi | ||
| 245 | 0 | _aExploring transnational legal orders: using transnational environmental law to strengthen the global regulation of black carbon for the benefit of the Arctic region | |
| 546 | _aEnglish[eng] | ||
| 650 | _aEnvironmental law handbook||legal pluralism||soft law||transnational law||non-state actors||global law | ||
| 856 | _uhttps://www.elgaronline.com/view/edcoll/9781788119627/9781788119627.00010.xml | ||
| 942 | _cEB | ||
| 999 |
_c12534 _d12534 |
||